| 000 | 00780nam a2200289Ia 4500 | ||
|---|---|---|---|
| 001 | 9419 | ||
| 003 | IT-RoPAU | ||
| 008 | 130308s9999 xx 000 0 und d | ||
| 040 | _aIT-RoPAU | ||
| 040 | _cIT-RoPAU | ||
| 041 | _aITALIANO | ||
| 100 | _aGiurgola Giovanni Antonio | ||
| 100 | _gCodice Aut. SPICS: 5998 | ||
| 245 | _aAmministrazione nella produzione cinematografica (L') | ||
| 245 | _bManuale del produttore di Film | ||
| 250 | _a1a ed. | ||
| 260 | _aROMA | ||
| 260 | _bAteneo | ||
| 260 | _c1956 [1° Ed.:1956 - Ed.Ling.Originale:1956] | ||
| 300 | _a"20 p. (prefazione: no ; testo: 20 [pagine: 207-226])" | ||
| 650 | _aINDUSTRIA CINEMATOGRAFICA | ||
| 650 | _eCodice materia Spics: 6806 | ||
| 942 | _cBK | ||
| 957 | _71 | ||
| 999 |
_c52254 _d52254 |
||
| 999 | _bSI | ||
| 999 | _g1 | ||